BIBLIOTECA

SENCICO

Albañilería: nivel 1: Módulo 4 P (Registro nro. 3490)

Detalles MARC
000 -LEADER
fixed length control field 00500nam a2200181Ia 4500
005 - DATE AND TIME OF LATEST TRANSACTION
control field 20251020182616.0
008 - FIXED-LENGTH DATA ELEMENTS--GENERAL INFORMATION
fixed length control field 200515s9999 xx 000 0 und d
082 ## - DEWEY DECIMAL CLASSIFICATION NUMBER
Classification number SC/693.1-4P/I59
110 ## - MAIN ENTRY--CORPORATE NAME
Corporate name or jurisdiction name as entry element Ina
245 #0 - TITLE STATEMENT
Title Albañilería: nivel 1: Módulo 4 P
260 ## - PUBLICATION, DISTRIBUTION, ETC.
Place of publication, distribution, etc. San José
260 ## - PUBLICATION, DISTRIBUTION, ETC.
Date of publication, distribution, etc. 1981
300 ## - PHYSICAL DESCRIPTION
Extent 72
520 ## - SUMMARY, ETC.
Summary, etc. Módulo de capacitación en Albañilería. Comprende las operaciones básicas que tiene esta especialidad
650 ## - SUBJECT ADDED ENTRY--TOPICAL TERM
Topical term or geographic name entry element ALBAÑILERIA
650 ## - SUBJECT ADDED ENTRY--TOPICAL TERM
Topical term or geographic name entry element PUB INA
942 ## - ADDED ENTRY ELEMENTS (KOHA)
Koha item type Libros
Existencias
Fecha de la última vez que lo usaron Pago total Signatura topográfica completa Código de barras Precio efectivo desde Tipo de documento Estado perdido Estado dañado No es para préstamo Retirado Ubicación permanente Ubicación actual Fecha de adquisición
15/05/2020   SC/693.1-4P/I59 Bib-Lima15053490 15/05/2020 Libros         Biblioteca Central Lima Biblioteca Central Lima 15/05/2020